Youth work and non-formal learning in Europe's education landscape <a> quarter of a century of EU cooperation for youth policy and practice
Uložené v:
| Médium: | Kniha |
|---|---|
| Jazyk: | English |
| Vydavateľské údaje: |
Luxembourg
Publications Office of the European Union
2015
|
| Edícia: | Youth
|
| Predmet: | |
| Tagy: |
Žiadne tagy, Buďte prvý, kto otaguje tento záznam!
|
MARC
| LEADER | 00000nam a2200000 4500 | ||
|---|---|---|---|
| 001 | 0214639 | ||
| 005 | 20240314123616.7 | ||
| 020 | |a 978-92-79-38886-6 | ||
| 041 | 0 | |a eng | |
| 044 | |a LU | ||
| 245 | 1 | 0 | |a Youth work and non-formal learning in Europe's education landscape |b <a> quarter of a century of EU cooperation for youth policy and practice |
| 264 | 1 | |a Luxembourg |b Publications Office of the European Union |c 2015 | |
| 300 | |a 254 s. | ||
| 490 | 1 | |a Youth | |
| 830 | 0 | |a Youth | |
| 610 | 2 | 0 | |a mládež |
| 610 | 2 | 0 | |a trh práce |
| 610 | 2 | 0 | |a zamestnanosť |
| 610 | 2 | 0 | |a vzdelávanie |
| 610 | 2 | 0 | |a internet |
| 610 | 2 | 0 | |a médiá sociálne |
| 610 | 2 | 0 | |a Nemecko |
| 610 | 2 | 0 | |a Európska únia |